Multiple-Choice-Stadtquiz München - Statistiken

Allgemein
  • Dieses Quiz wurde 5.146 mal gespielt
  • Das Durchschnittsergebnis liegt bei 9 aus 10
Antwortstatistiken
Frage Antwort % Korrekt
München ist die Hauptstadt welchen Bundeslandes? Bayern
100%
Wie heißt München auf Englisch? Munich
100%
Welches ist das größte Festival in München, das jedes Jahr Millionen von Besuchern anzieht? Oktoberfest
100%
Was sind Löwenbräu, Spaten und Paulaner? Biere
99%
Welcher Autohersteller hat seinen Sitz in München? BMW
95%
Welcher König erbaute Schloss Neuschwanstein? Ludwig II
86%
Welcher ist Münchens größter öffentlicher Park, der für seine surfbare Welle bekannt ist? Englischer Garten
84%
Wann waren in München die Olympischen Sommerspiele? 1972
76%
Was geschah 1923 in München? Der Münchner Putsch
71%
Welcher Papst war einst Erzbischof von München und Freising? Benedikt XVI
70%
Keine übereinstimmenden Quizze gefunden
Verteilung der Resultate
Anzahl Personen mit jedem Resultat
Perzentil nach korrekt beantworteten Fragen
Ihre Resultats-Entwicklung
Sie haben dieses Quiz noch nicht gespielt